000 00998nac a22002891u 4500
999 _c9531
_d9531
003 EG-ScBUE
005 20210315115040.0
008 200219s2005 ii f 000 1 eng d
020 _a8175810602 :
040 _aEG-ScBUE
_beng
_erda
_cEG-ScBUE
_dEG-ScBUE
082 0 4 _a823.8
_bELI
_222
100 1 _aEliot, George,‏
_d1819-1880,
_eauthor.
245 1 0 _aAdam Bede :
_bA Critical Study /
_cGeorge Eliot ; Raghukul Tilak, M.A., Ph.D., formerly head, Department of English, Meerut College.
250 _aNinth edition.
264 1 _aNew Delhi :
_bRama Brothers India Pvt. Ltd.,
_c2005.
300 _a218 pages ;
_c24 cm
336 _2rdacontent
_atext
_btxt
337 _2rdamedia
_aunmediated
_bn
338 _2rdacarrier
_avolume
_bnc
500 _aDistributer: Al-Ahram
650 7 _aDidactic fiction.
_2BUEsh
651 7 _aEngland
_vFiction.
_2BUEsh
653 _bHHUUEENN
_cMarch2021
655 _vReading book
_934232
700 1 _aTilak, Raghukul,
_eauthor.
942 _cBB
_k823ELI
_2ddc